| 000 | 00382nam a22001697a 4500 | ||
|---|---|---|---|
| 003 | SGT | ||
| 020 | _a9789394829015 | ||
| 082 |
_a615.53 _bS22Y |
||
| 100 | _aYERAWAAR,PRABODH | ||
| 245 | _aSACHITHR PADARTHA VIJNAN | ||
| 250 | _a2nd | ||
| 260 |
_aVARANASHI _bCHAUKHAMBHA, PUB. _c2022 |
||
| 300 | _a288 | ||
| 650 | _aVIJNAN | ||
| 653 | _aSACHITHR PADARTHA | ||
| 942 |
_2ddc _cBK _0257 |
||
| 999 |
_c24280 _d24280 |
||